| 000 | 00630nam a22001817a 4500 | ||
|---|---|---|---|
| 003 | OSt | ||
| 005 | 20260408070107.0 | ||
| 008 | 260408b |||||||| |||| 00| 0 eng d | ||
| 020 | _a9789719209966 | ||
| 040 |
_aDWCL GS lib _cOC |
||
| 082 | _aRes.(Fil.) 808.83 Y25w 2007 | ||
| 100 | _aYap, Riccah | ||
| 245 |
_aWonder Book of Short Stories : _bEntertaining Stories for Children and Adults / _cRiccah Yap |
||
| 260 |
_aManila _bPalinsad General Mdse. _cc2007. |
||
| 300 |
_aiii, 105 pages: _billustrations _c15cm. |
||
| 546 | _aEnglish | ||
| 942 |
_2ddc _cBK-0 CIRC _hRes.(Fil.) 808.83 Y25w 2007 _n0 |
||
| 999 |
_c9349 _d9349 |
||